Naruto - Les Ninjas - Statistiques

Statistiques générales
  • Ce quiz a été pris 6 890 fois
  • Le résultat moyen est 56 sur 127
Statistiques - réponses
Village Caché Indice Ninja % Correct
Konoha Equipe 7 / 7e Hokage / Jinchuriki Naruto
100%
Konoha Equipe 7 Sakura
99%
Konoha Equipe 7 / Akatsuki Sasuke
99%
Konoha Equipe 7 / 6e Hokage Kakashi
98%
Konoha Equipe 7 Saï
88%
Konoha Equipe 8 Hinata
87%
Kumo 4e Raikage A
86%
Konoha 4e Hokage Minato
86%
Konoha Equipe 10 Shikamaru
84%
Konoha Equipe 10 Ino
83%
Akatsuki Jinchuriki Obito Uchiha/Tobi
83%
Akatsuki Itachi Uchiha
82%
Konoha Equipe 8 Kiba
82%
Konoha Sannin (5e Hokage) Tsunade
82%
Konoha Equipe 10 Choji
80%
Konoha Equipe 9 Neji
80%
Konoha Equipe 9 Lee
78%
Konoha Equipe 8 Shino
78%
Konoha Equipe 9 Tenten
78%
Konoha Equipe 9 Gaï
76%
Konoha Sannin Jiraiya
75%
Oto Akatsuki / Sannin Orochimaru
75%
Suna Equipe Baki / 5e Kazekage / Jinchuriki Gaara
74%
Konoha 1er Hokage Hashirama Senju
74%
Akatsuki Nagato/Pain
74%
Konoha Equipe 8 (Animal) Akamaru
73%
Konoha 2e Hokage Tobirama Senju
73%
Akatsuki Deidara
71%
Konoha 3e Hokage Hiruzen Sarutobi
69%
Konoha Femme du 4e Hokage Kushina
69%
Akatsuki Jinchuriki Madara Uchiha
69%
Konoha Equipe 10 Asuma
68%
Akatsuki Kisame
68%
Konoha Equipe Ebisu Konohamaru
67%
Konoha Equipe 8 Kurenai
67%
Akatsuki Sasori
67%
Konoha Equipe 7 (Anbu) Yamato
65%
Akatsuki Hidan
64%
Akatsuki Konan
64%
Bijuu Kyubi Kurama
64%
Konoha Equipe Minato Rin
63%
Suna Equipe Baki Temari
63%
Konoha Dan
62%
Akatsuki Kakuzu
62%
Konoha Anbu (6e Hokage non officiel) Danzo
60%
Suna Equipe Baki Kankuro
56%
Konoha Professeur Iruka
54%
Taka Akatsuki Karin
54%
Konoha Equipe Ebisu Ebisu
53%
Konoha Père du précédent Shikaku
53%
Kiri Epéiste légendaire / Déserteur Zabuza
52%
Akatsuki Zetsu
51%
Clan Otsutsuki Kaguya
50%
Kumo Jinchuriki Killer Bee
50%
Konoha Anbu Fu
48%
Konoha Clan Uchiha Shisui Uchiha
48%
Konoha Ninja Médecin Shizune
48%
Taka Akatsuki Suigetsu
47%
Taka Akatsuki Jugo
44%
Oto Kabuto
43%
Konoha Père du précédent Sakumo Hatake
43%
Konoha Père du précédent Choza
41%
Bijuu Ichibi Shukaku
41%
Bijuu Yonbi Son Goku
41%
Konoha 2e épreuve examen Chunin Anko Mitarashi
40%
Kiri Déserteur Haku
40%
Konoha Père de la précédente Inoichi
40%
Iwa Jinchuriki Han
37%
Kiri 5e Mizukage Mei
36%
Akatsuki Yahiko
36%
Konoha Clan Uchiha Fugaku Uchiha
35%
Bijuu Nibi Matatabi
34%
Kumo 5e Raikage Darui
33%
Clan Otsutsuki Hagoromo
33%
Konoha Père de la précédente Hiashi Hyuga
33%
Suna Ancienne Chiyo
32%
Iwa 3e Tsuchikage Onoki
32%
Konoha Interrogatoire Ibiki Morino
31%
Konoha Equipe Ebisu Moegi
31%
Konoha Animal Tonton
31%
Clan Otsutsuki Indra
29%
Konoha Père du précédent Hizashi Hyuga
28%
Kumo Equipe Samui Samui
28%
Konoha Equipe Ebisu Udon
28%
Iwa 2e Tsuchikage Mu
26%
Kiri Jinchuriki / déserteur Utakata
26%
Kumo Equipe Samui Omoï
25%
Bijuu Hachibi Gyuki
24%
Kiri 4e Mizukage / Jinchuriki Yagura
24%
Bijuu Nanabi Chomei
23%
Bijuu Sanbi Isobu
23%
Kumo Equipe Samui Karui
23%
Oto Kimimaro
23%
Kiri 6e Mizukage / Epésite légendaire Chojuro
22%
Ame Hanzo
19%
Konoha Arbitre 3e épreuve examen Chunin Hayate Gekko
19%
Bijuu Gobi Kokuo
19%
Konoha Père du précédent Shibi Aburame
18%
Oto Tayuya
18%
Kumo Jinchuriki Yugito
18%
Konoha Arbitre remplaçant 3e épreuve examen Chunin Genma Shiranui
17%
Oto Jirobo
17%
Bijuu Juubi
17%
Suna 4e Kazekage Rasa
17%
Iwa Jinchuriki Roshi
16%
Oto Sakon/Ukon
16%
Pays du fer Mifune
15%
Kiri Ao
14%
Oto Kidomaru
14%
Kumo Déserteur Ginkaku
12%
Kumo Déserteur Kinkaku
12%
Iwa 4e Tsuchikage Kurotsuchi
12%
Konoha Anbu Torune
12%
Taki Jinchiriki Fuu
11%
Clan Otsutsuki Hamura
11%
Kiri 2e Mizukage Gengetsu
10%
Iwa Akatsuchi
8%
Konoha Ancien Homura
7%
Konoha Ancienne Koharu
6%
Konoha Aoba Yamashiro
5%
Kiri 1er Mizukage Byakuren
5%
Kiri Epéiste légendaire Jinpachi
4%
Kumo Motoï
4%
Kiri Epéiste légendaire Raïga
4%
Kiri Epéiste légendaire Jinin
3%
Kiri Epéiste légendaire Kushimaru
3%
Bijuu Rokubi Sankei
3%
Aucun quiz correspondant
Distribution des résultats
% des personnes avec chaque résultat
Percentile par nombre de réponses
Votre historique - résultats
Vous n’avez pas pris ce quiz